000 00319nam a22001457a 4500
008 230914b ||||| |||| 00| 0 eng d
020 _a9790801960030
041 _aSHQIP
080 _22023
_a781
082 _a781HYS
100 _a20
101 _aMUZIK
245 _aTEORIA E MUZIKES
_cHYSENI.P.L
942 _2udc
_cBK
999 _c60382
_d60382